000 00806nas a2200301 4500
001 BR9103799
003 BR-BrBNA
005 20231205092136.0
007 ta
008 230509b bl.|||p| |||| 00| 00por d
040 _aBR-BrBNA
_bpor
_cBiblioteca Nacional de Agricultura
041 _a(Pt)
072 _aH01; T01
100 1 _aZambrone, F.A.D.
245 1 _aComo (e por que)nos envenenamos?
650 _aAGROTOXICO
650 _aTOXIDEZ
650 _aINTOXICACAO
650 _aACARICIDA
650 _aHERBICIDA
650 _aPESTICIDA
650 _aFUNGICIDA
650 _aINSETICIDA
650 _aRATICIDA
773 0 _tCasa da Agricultura (Brazil)
_xISSN 0100-6541
_g(Jul-Aug 1989), v. 11(3) p. 13-17
_wBR9103799
909 _a202311
_bLúcia
_c55
_dLúcia Elande
942 _2AGRIS
_n0
_cANA
999 _c129634
_d129634